000 00915nam a2200313 a 4500
001 57775
003 CO-BoRNBP
005 20250730153626.0
007 ta
008 871207s1986 sp a jr 00011 spa d
020 _a8420437336
040 _ala
_cla
041 1 _aspa
_hger
043 _ae-gx---
082 0 4 _aI833.91
_bJ15q
_219 ed.
100 0 _aJanosch,
_d1931-
_948387
245 1 0 _aQué bonito es Panamá /
_cJanosch ; traducción de Ana Pérez ; ilustraciones Enric Satué.
250 _a3a. ed.
300 _a50 p. :
_bil. [col..] ;
_c18 cm.
336 _2rdacontent
_atexto
_btxt
337 _2rdamedia
_asin mediación
_bn
338 _2rdacarrier
_avolumen
_bnc
534 _tOh, wie schon ist Panama.
650 7 _aCuentos infantiles alemanes.
_2BLAAUTO
700 1 _aPérez, Ana,
_d1941-
_etr.
_961588
700 1 _aSatué, Enric,
_eil.
_961589
942 _2ddc
_cBK
949 _an
_bn
999 _c57775
_d57775